000 01181nam2a22002411 4500
001 RU\NLR\19V\934784
005 20250620110216.0
035 _a(NLR Aleph) 005289924
090 _a6179962
_c6179962
100 _a20130724d1902 |||y0rusy50 ca
101 0 _arus
102 _aRU
105 _ay z |||||
200 0 _aза 1901 г.
_eгод 6-й
210 _d1902
_aБ. м.
215 _a95 с.
461 0 _1001RU\NLR\19V\934780
_12001#$aОтчет Комитета Общества распространения коммерческого образования в г. Киеве общему собранию членов...$vза 1901 г.
_96189199
_aКиевское общество распространения коммерческого образования
_cКиев
_d1898-1917
_tОтчет Комитета Общества распространения коммерческого образования в г. Киеве общему собранию членов...
_vза 1901 г.
801 0 _aRU
_bNLR
_c20130724
_gpsbo
801 1 _aRU
_bNLR
_c20130724
_2rusmarc
801 2 _aRU
_bNLR
_c20130724
_2rusmarc
852 _aNLR
_j20.109.8.6 (2)
942 _cBOOK
980 _aNB